Statystyki dla Państwa według jednej podpowiedzi #14

Kliknij tutaj aby rozwiązać quiz!

Ogólne statystyki

  • Ten quiz został rozwiązany 2 034 razy
  • Średni wynik to 8 z 20

Statystyki odpowiedzi

Podpowiedź:Państwo% Poprawnych
Jego nazwa oznacza "Czarna Góra".Czarnogóra
80%
To państwo oddzieliło się od Czech w 1992 roku.Słowacja
79%
Ma najdłuższą linię brzegową ze wszystkich byłych jugosłowiańskich republik.Chorwacja
71%
Ma najwyższą średnią wysokość ze wszystkich państw na świecie, niewiele wyższą niż pobliski Nepal.
Bhutan
68%
Jego nazwa ma 4 litery, z czego dwie to "o".Togo
66%
Jego nazwa oznacza "Równik".Ekwador
61%
Składa się z 26 atolów, to państwo nad Oceanem Indyjskim ma najniższą średnią wysokość na świecie.
Malediwy
51%
Jest położone najbardziej na południe z krajów bałtyckich.Litwa
50%
Ma najniższą najwyższą odnotowaną temperaturę w historii ze wszystkich państw – 30.5 °C (86.9 °F).Islandia
44%
Możesz tam natknąć się na dziko żyjącego orangutana i warana z Komodo.Indonezja
40%
Jeśli do jego nazwy zostanie dopisany człon "ia" to powstanie nazwa jego południowego sąsiada.Niger
40%
Jego północna i południowa część połączyły się w 1975 roku.Wietnam
33%
Kiedyś było kolonią brytyjską znaną jako Rodezja Południowa.Zimbabwe
21%
Nazywa się tak jak jedno z największych jezior Północnej Afryki.Czad
19%
Znajduje się tam Timbuktu.Mali
17%
Druga największa wyspa na świecie jest "nową" wersją tego afrykańskiego państwa.Gwinea
12%
Było ostatnim państwem, które zostało stale osiedlone. Stało się to w 1756 roku, kiedy francuski kapitan położył kamień posiadania na wyspie Mahé.
Seszele
12%
Więcej graczy Major League Baseball pochodzi z tego państwa niż z jakiegokolwiek innego poza Stanami Zjednoczonymi.
Dominikana
7%
Nazywa się tak jak produkt, którego eksport jest teraz nielegalny.Wybrzeże Kości Słoniowej
7%
Jest jedynym państwem, które w swojej angielskiej nazwie posiada wszystkie samogłoski.Mozambik
5%

Rozkład punktacji

Percentyl według liczby udzielonych odpowiedzi

Procent ludzi z każdym wynikiem

Twoja historia wyników

Nie rozwiązałeś tego quizu